Normal view MARC view

Entry Nome pessoal

Number of records used in: 3

001 - NÚMERO DE CONTROLE

  • campo de controle: 1007

003 - IDENTIFICADOR DO NÚMERO DE CONTROLE

  • campo de controle: BR-RjBN

005 - DATA E HORÁRIO DA ÚLTIMA TRANSAÇÃO

  • campo de controle: 20250902072845.0

008 - CAMPO DE DADOS FIXOS

  • campo de controle de tamanho fixo: 970807 acnacab n a aaa

024 7# - OUTRO IDENTIFICADOR PADRÃO

  • Número padrão ou código: http://viaf.org/viaf/23776263
  • Fonte: VIAF

024 7# - OUTRO IDENTIFICADOR PADRÃO

  • Número padrão ou código: http://id.loc.gov/authorities/names/n91039897
  • Fonte: LCCN

035 ## - NÚMERO DE CONTROLE DO SISTEMA

  • Número de Controle do Sistema: 97080712034447003

040 ## - FONTE DA CATALOGAÇÃO

  • Instituição da catalogação original: BR-RjBN
  • Idioma da catalogação: por

100 1# - CABEÇALHO--NOME PESSOAL

  • Nome pessoal: Aguiar, Luiz Antonio,
  • Datas associadas ao nome: 1955-

400 1# - REMISSIVA VER--NOME PESSOAL

  • Nome pessoal: Aguiar, Luiz Antonio Farah de
  • Datas associadas ao nome: 1955-

400 1# - REMISSIVA VER--NOME PESSOAL

  • Nome pessoal: Farah de Aguiar, Luiz Antonio
  • Datas associadas ao nome: 1955-

670 ## - FONTE POSITIVA DOS DADOS

  • Citação da fonte positiva dos dados: Autor de: Confidências de um pai pedindo arrego. 1993
  • Dados encontrados na fonte localizada no subcampo: (ficha cat.: d.n.)

670 ## - FONTE POSITIVA DOS DADOS

  • Citação da fonte positiva dos dados: Seu: Vou fazer meu pai parar de fumar. 1994
  • Dados encontrados na fonte localizada no subcampo: (ficha cat.: d.n., n.c.)

670 ## - FONTE POSITIVA DOS DADOS

  • Citação da fonte positiva dos dados: Em: A tartaruga e o guerreiro. 2004
  • Dados encontrados na fonte localizada no subcampo: (p. 39: nasceu no Rio de Janeiro; mestre em Literatura Brasileira pela PUC-RJ; sócio da Veio Libri Produções Literárias Consultoria Editorial)

670 ## - FONTE POSITIVA DOS DADOS

  • Citação da fonte positiva dos dados: LC Authorities 9/11/2012
  • Dados encontrados na fonte localizada no subcampo: (nasceu no Rio de Janeiro, em 1955)

670 ## - FONTE POSITIVA DOS DADOS

  • Citação da fonte positiva dos dados: http://www.luizantonioaguiar.com.br/eugrafia.htm
  • Dados encontrados na fonte localizada no subcampo: (nasceu no Rio de Janeiro, no dia 11 de fevereiro de 1955 ; roteirista de histórias em quadrinhos, com histórias originais e adaptações de clássicos da Literatura. Ultimamente, tem dedicado bastante seu tempo ao blog (http://luizantonioaguiar.blogspot.com.br/), onde publica seriados de aventura (que, na Literatura Clássica, se chamavam Folhetins), além de um debate permanente sobre questões ligadas à Literatura)

670 ## - FONTE POSITIVA DOS DADOS

  • Citação da fonte positiva dos dados: https://pt.wikipedia.org/wiki/Categoria:Tradutores_do_Brasil 03/08/2020
  • Dados encontrados na fonte localizada no subcampo: (tradutor)

856 ## - LOCALIZAÇÃO ELETRÔNICA E ACESSO

  • Uniform Resource Identifier: http://www.luizantonioaguiar.com.br
  • Nota pública: Aguiar, Luiz Antonio

Powered by Koha